Statistics for Pool/8 Ball

Click here to take the quiz!

General Stats

  • This quiz has been taken 75 times
  • The average score is 12 of 14

Answer Stats

Answer% Correct
Blue
98%
2 or 4
97%
Green
97%
Orange
97%
Purple
97%
Red
97%
6
95%
Yellow
95%
Cue
90%
White
87%
8 Ball
82%
Stripes
79%
Solids
77%
Maroon
33%

Score Distribution

Percentile by Number Answered

Percent of People with Each Score

Your Score History

You have not taken this quiz